APUSH General Knowledge Quiz #3 - Statistics

General Stats
  • This quiz has been taken 456 times
  • The average score is 10 of 15
Answer Stats
Question Answer % Correct
Who won the 2008 presidential election with 52.9% of the vote? Barack Obama
95%
Who was the U.S. President during the September 11 terrorist attacks? George W. Bush
93%
What was the major cash crop that supported the development of Jamestown? Tobacco
88%
What political party was formed in the 1830s as opposition to Andrew Jackson, eventually integrating into the modern day Republican party? Whig
88%
What landmark supreme court case in 1973 ruled that Americans had a right to abortion? Roe v. Wade
80%
What intercepted communique from Germany to Mexico led to the U.S. entering World War I? Zimmerman Telegram
74%
Abraham Lincoln's presidential successor that slowed reconstruction progress due to his conservative views Andrew Johnson
73%
What book did Upton Sinclair write as an allegory for the meatpacking industry and labor in general? The Jungle
66%
What foreign policy position that emerged in the 1820s affirmed that the U.S. would be hostile against any further attempt or colonize the Americas? Monroe Doctrine
62%
What was the first state to ratify the Constitution? Delaware
61%
Who revolutionized the steel industry with the Bessemer process? Andrew Carnegie
58%
What word ending in "-ist" would be used to describe John Brown? Abolitionist
57%
What was the armed slave rebellion in 1676 called? Bacon's Rebellion
45%
Diplomatic policy established in 1899 that called for trade with and self sovereignty of China? Open Door Policy
39%
What territorial act led to the downfall of the previous party? Kansas-Nebraska Act
31%
No matching quizzes found
Score Distribution
Percent of People with Each Score
Percentile by Number Answered
Your Score History
You have not taken this quiz